000 00602nam a2200229Ia 4500
003 OSt
005 20221007063509.0
006 a|||||r|||| 00| 0
007 ta
008 221006b |||||||| |||| 00| 0 eng d
024 _a27,315
037 _cTextual
040 _aFLL
_cFLL
_beng
041 _2eng
_aeng
082 _aZ5932, L0
100 _aEorsi Gyula
_9684380
245 0 _aFundamental problems of socialist civil law
260 _aBudapest
_bAkademiai Kiado
_c1970
300 _a134p
_ccm.
942 _hZ5932, L0
_cTEXL
_2CC
999 _c1131395
_d1131395